Изменение структуры стали 45Х25Н35СБ в процессе эксплуатации; Тяжелое машиностроение; № 6

Bibliographic Details
Parent link:Тяжелое машиностроение: научно-технический и производственный журнал.— , 1991-
№ 6.— 2008.— [С 25-28]
Main Author: Гнюсов С. Ф. Сергей Фёдорович
Other Authors: Хайдарова А. А. Анна Александровна, Советченко Б. Ф. Борис Федорович
Summary:Заглавие с экрана
Показано, что эксплуатация металла трубопроводов печей пиролиза при высокой температуре и углеродосодержащей атмосфере способствует увеличению объемного содержания карбидов хрома. Данные структурно-фазовые изменения металла в процессе эксплуатации приводят к формированию биметаллического материала, что необходимо учитывать при его сварке.
Режим доступа: по договору с организацией-держателем ресурса
Language:Russian
Published: 2008
Subjects:
Online Access:https://elibrary.ru/item.asp?id=11526475
Format: MixedMaterials Electronic Book Chapter
KOHA link:https://koha.lib.tpu.ru/cgi-bin/koha/opac-detail.pl?biblionumber=655569

MARC

LEADER 00000naa0a2200000 4500
001 655569
005 20250321145440.0
035 |a (RuTPU)RU\TPU\network\21773 
035 |a RU\TPU\network\21772 
090 |a 655569 
100 |a 20170913d2008 k||y0rusy50 ca 
101 0 |a rus 
102 |a RU 
135 |a drcn ---uucaa 
181 0 |a i  
182 0 |a b 
200 1 |a Изменение структуры стали 45Х25Н35СБ в процессе эксплуатации  |f С. Ф. Гнюсов, А. А. Хайдарова, Б. Ф. Советченко 
203 |a Текст  |c электронный 
300 |a Заглавие с экрана 
320 |a [Библиогр.: 7 назв.] 
330 |a Показано, что эксплуатация металла трубопроводов печей пиролиза при высокой температуре и углеродосодержащей атмосфере способствует увеличению объемного содержания карбидов хрома. Данные структурно-фазовые изменения металла в процессе эксплуатации приводят к формированию биметаллического материала, что необходимо учитывать при его сварке. 
333 |a Режим доступа: по договору с организацией-держателем ресурса 
461 |t Тяжелое машиностроение  |o научно-технический и производственный журнал  |d 1991- 
463 |t № 6  |v [С 25-28]  |d 2008 
610 1 |a электронный ресурс 
610 1 |a труды учёных ТПУ 
610 1 |a процессы эксплуатации 
610 1 |a сталь 
610 1 |a сварка 
700 1 |a Гнюсов  |b С. Ф.  |c специалист в области машиностроения  |c профессор Томского политехнического университета, доктор технических наук  |f 1960-  |g Сергей Фёдорович  |3 (RuTPU)RU\TPU\pers\26508 
701 1 |a Хайдарова  |b А. А.  |c специалист в области сварочного производства  |c доцент Томского политехнического университета, кандидат технических наук  |f 1982-  |g Анна Александровна  |3 (RuTPU)RU\TPU\pers\29433  |9 13986 
701 1 |a Советченко  |b Б. Ф.  |c специалист в области машиностроения  |c доцент Томского политехнического университета, кандидат технических наук  |f 1946-  |g Борис Федорович  |3 (RuTPU)RU\TPU\pers\26630 
801 2 |a RU  |b 63413507  |c 20170913  |g RCR 
856 4 |u https://elibrary.ru/item.asp?id=11526475 
942 |c CF